| 000 | 00492 a2200157 4500 | ||
|---|---|---|---|
| 005 | 20250613145949.0 | ||
| 020 | _a978-0-86003-498-8 | ||
| 082 | _aLECT 658.8 ALL | ||
| 100 | _aALLAN, P. | ||
| 245 | _aA2 Business studies: Unit 4 | ||
| 260 |
_aLondon, _bStudent Unit Guides, _c2001. |
||
| 300 |
_a86p.: ill.; figure, graph, table. _c24cm. |
||
| 700 | _aSURRIDGE, M. & WOLINSKI, J. | ||
| 856 |
_yAccess online book _fA2 Business studies: Unit 4 _dwww.philipallan.co.uk |
||
| 942 |
_2ddc _cBKS |
||
| 999 |
_c4008 _d4008 |
||